000 00828nam a2200265Ia 4500
003 GCL
008 140319s9999 xx 000 0 ara d
040 _aGCL /
_cGCL
082 0 4 _a155.455
_bش ا
100 1 _aشريف محمد بن فيصل الهاشمى
245 1 0 _aالاساليب العلمية لرعاية الموهوبين /
_cشريف محمد بن فيصل الهاشمى
260 _a[S.N] :
_bدار النصر ،
_c1993
490 _a
650 0 4 _aعلم النفس
650 0 4 _aالوطن العربى
650 0 4 _aالرعاية
650 0 4 _aالموهبة
650 0 4 _aالنبوغ
650 0 4 _aالعقل
650 0 4 _aالعبقرية
650 0 4 _aالطلبة الموهبون
650 0 4 _aالموهوبون
650 0 4 _aالاطفال الموهوبون
942 _2ddc
_cBK
999 _c28667
_d28667